Principles of accounting / (Record no. 9259)
[ view plain ]
| 000 -LEADER | |
|---|---|
| fixed length control field | 00489pam a2200169 a 4500 |
| 020 ## - ISBN | |
| International Standard Book Number | 0471085103 : |
| Terms of availability | $25.95 (est.) |
| 050 00 - LIBRARY OF CONGRESS CALL NUMBER | |
| Classification Number | HF 5635 |
| Item Number | .H45 1983 |
| 100 1# - MAIN ENTRY--Author | |
| Personal name | Helmkamp, John G. |
| 245 10 - TITLE | |
| Title | Principles of accounting / |
| Statement of responsibility, etc | John G. Helmkamp, Leroy F. Imdieke, Ralph E. Smith. |
| 260 ## - PUBLICATION, DISTRIBUTION, ETC.(IMPRINT) | |
| Place of publication, distribution, etc | New York : |
| Name of publisher, distributor, etc | Wiley, |
| Date of publication, distribution, etc | c1983. |
| 300 ## - PHYSICAL DESCRIPTION | |
| Extent | xx, 1113 p. ; |
| 500 ## - GENERALNOTE | |
| General note | Includes index. |
| 650 #0 - SUBJECT--TOPIC | |
| General subdivision | Acconting |
| 700 1# - ADDED ENTRY--PERSONAL AUTHOR | |
| Personal Name | Imdieke, Leroy F. |
| 700 1# - ADDED ENTRY--PERSONAL AUTHOR | |
| Personal Name | Smith, Ralph Eugene, |
| 942 ## - ADDED ENTRY ELEMENTS(KOHA) | |
| Source of classification or shelving scheme | Library of Congress Classification |
| Koha item type | General circulation |
| Source of classification or shelving scheme | Not for loan | Location (home branch) | Sublocation (holding branch) | Date accessioned | Source of acquisition | Full call number | Barcode | Koha item type |
|---|---|---|---|---|---|---|---|---|
| Library of Congress Classification | Kitui Town Campus Library | Kitui Town Campus Library | 28/09/2015 | Donation-books for Africa | HF 5635 .H45 | 2015/008264 | General circulation |